| 000 | 00907cam a2200265 a 4500 | ||
|---|---|---|---|
| 001 | 4913326 | ||
| 003 | ARRUPE | ||
| 005 | 20140130163302.0 | ||
| 008 | 040719s2004 enk b 001 0 eng d | ||
| 020 | _a0567084647 | ||
| 035 | _a(OCoLC)ocm56090688 | ||
| 035 | _a(NNC)4913326 | ||
| 040 |
_aPIT _cPIT _dOCLCQ |
||
| 090 |
_aBS744 _b.D56 2004 |
||
| 100 | 1 |
_aDines, Jennifer M. _q(Jennifer Mary) _97431 |
|
| 245 | 1 | 4 |
_aThe Septuagint / _cJennifer M. Dines ; edited by Michael A. Knibb. |
| 260 |
_aLondon ; _aNew York : _bT & T Clark, _cc2004. |
||
| 300 |
_axvii, 196 p. ; _c22 cm. |
||
| 504 | _aIncludes bibliographical references (p. 159-175) and index. | ||
| 630 | 0 | 0 |
_aBible. _pOld Testament. _lGreek _xVersions _xSeptuagint. _97432 |
| 630 | 0 | 0 |
_aBible. _pOld Testament _xCriticism, Textual. _97433 |
| 700 | 1 |
_aKnibb, Michael A. _q(Michael Anthony), _d1938- _97434 |
|
| 942 |
_2lcc _cMONOGRAPH |
||
| 999 |
_c119801 _d119801 |
||